000
00179nam a22000857a 4500
082
_a
823
100
_a
JEFF KINNEY
245
_a
DIARY OF A WIMPY KID GREG HAFLEY'S JOURNAL
942
_c
BK
999
_c
8469
_d
8469